|
|
|
|
| LEADER |
00000ckm a2200000 a 4500 |
| 001 |
vtls001210992 |
| 003 |
SK-MaSNL |
| 005 |
20260331203544.0 |
| 007 |
kf co |
| 008 |
240131s1991 xo g 0kuslo |
| 015 |
|
|
|a SNBG1991
|
| 035 |
|
|
|a SNK000154066
|
| 035 |
|
|
|a urn:nbn:sk:snk-km3lw69
|
| 035 |
|
|
|a D7FF8C73-A9DD-4340-A8F2-2A7E825E4942
|
| 035 |
|
|
|a urn:nbn:sk:snk-km00drie
|
| 040 |
|
|
|a SNK
|b slo
|c SNK
|e AACR2
|
| 041 |
0 |
|
|a slo
|
| 043 |
|
|
|a e-xo---
|
| 044 |
|
|
|a xo
|c SK
|
| 072 |
|
7 |
|a 913
|x Regionálna geografia
|2 konspekt
|
| 080 |
|
|
|a 913(437.6)
|2 2011
|
| 080 |
|
|
|a (084.121)
|2 2011
|
| 080 |
|
|
|a 711.455:615.838
|2 2011
|
| 080 |
|
|
|a 640.412
|2 2011
|
| 080 |
|
|
|a 615.838
|2 2011
|
| 080 |
|
|
|a 614.2:[725.1:614.21]
|2 2011
|
| 100 |
1 |
|
|a Ondrejkovič, Ivan,
|d 1935-1998
|4 pht
|9 7599
|
| 245 |
1 |
0 |
|a Piešťany
|h grafika
|b Thermia Palace : Kúpele Irma : Napoleonské kúpele
|c foto: I. Ondrejkovič ; grafický návrh: Ľ. Rázusová
|
| 246 |
1 |
|
|i Názov na obrazovej časti:
|a Piešťany
|
| 260 |
|
|
|a Bratislava
|b ČSTK-Pressfoto
|c 1991
|e Skalica
|f Grafobal
|
| 300 |
|
|
|a 1 pohľadnica (4 čiastkové pohľady)
|b farebná
|c 11 x 15 cm
|
| 520 |
8 |
|
|a Zobrazenie: V striebornobielom orámovaní pohľady na liečebné domy, Napoleonské kúpele a minerálny prameň
|
| 610 |
2 |
7 |
|a Slovenské liečebné kúpele (Piešťany, Slovensko)
|2 SNKKA
|9 35776
|
| 650 |
0 |
7 |
|a kúpele
|2 SNKPH
|9 1139
|
| 650 |
0 |
7 |
|a liečebne
|2 SNKPH
|9 56920
|
| 650 |
0 |
7 |
|a hotely
|2 SNKPH
|9 18422
|
| 650 |
0 |
7 |
|a balneoterapia
|2 SNKPH
|9 1141
|
| 651 |
|
7 |
|a Piešťany (Slovensko)
|2 SNKPHgeo
|9 23981
|
| 655 |
|
7 |
|a miestne pohľadnice
|2 SNKPH
|9 70510
|
| 700 |
1 |
|
|a Rázusová, Ľ.
|c (grafička)
|4 art
|9 283310
|
| 852 |
|
|
|a Slovenská národná knižnica
|
| 958 |
|
|
|a GBN
|
| 958 |
|
|
|a TL
|
| 958 |
|
|
|a GC
|
| 958 |
|
|
|a OND
|
| 958 |
|
|
|a EUIPO
|
| 999 |
|
|
|c 1053751
|d 1055681
|
| 952 |
|
|
|a SNK
|b SNK
|y PREZ
|7 0
|p 17A1289919
|o snkSP 146282
|i snk2925/91
|0 0
|1 0
|4 0
|d 2018-11-06
|f 1
|l 0
|r 2026-02-24 15:04:29
|w 2026-02-24
|
| 952 |
|
|
|a SNK
|b SNK
|y PREZ
|7 0
|p 17A1289918
|o snkSP 146282 D1
|i snk2926/91
|0 0
|1 0
|4 0
|d 2018-11-06
|l 0
|r 2026-02-24 15:04:30
|w 2026-02-24
|